B-Schools : Trends and Experiences (Record no. 62182)

MARC details
000 -LEADER
fixed length control field 00659nam a2200217Ia 4500
005 - DATE AND TIME OF LATEST TRANSACTION
control field 20230417134915.0
008 - FIXED-LENGTH DATA ELEMENTS--GENERAL INFORMATION
fixed length control field 221007s9999 xx 000 0 und d
020 ## - INTERNATIONAL STANDARD BOOK NUMBER
International Standard Book Number 978-81-314-2213-7
041 ## - LANGUAGE CODE
Language code of text/sound track or separate title eng
082 ## - DEWEY DECIMAL CLASSIFICATION NUMBER
Classification number 658
Item number SAN
100 ## - MAIN ENTRY--PERSONAL NAME
Author Sangeetha K, Ed.
245 ## - TITLE STATEMENT
Title B-Schools : Trends and Experiences
Remainder of title Trends and Experiences
250 ## - EDITION STATEMENT
Edition statement 1st Ed.
260 ## - PUBLICATION, DISTRIBUTION, ETC.
Date of publication, distribution, etc. 2009
Name of publisher, distributor, etc. ICFAI publication
Place of publication, distribution, etc. Hyderabad
300 ## - PHYSICAL DESCRIPTION
Extent 205p
440 ## - SERIES STATEMENT/ADDED ENTRY--TITLE
Title ICFAI
500 ## - GENERAL NOTE
Keywords General Management;ICFAI Series Book;Management Education;B-Schools
520 ## - SUMMARY, ETC.
Summary, etc. B008561 June 2016B008561 June 2016B008561 June 2016B008561 June 2016
942 ## - ADDED ENTRY ELEMENTS (KOHA)
Koha item type Books
906 ## - LOCAL DATA ELEMENT F, LDF (RLIN)
a 113
b General
Holdings
Withdrawn status Lost status Damaged status Not for loan Home library Current library Date acquired Vendor Net Price Bill number Total Checkouts Full call number Barcode Date last seen Date last checked out Actual Price Bill Date Koha item type Original Barcode
        Smt. Hiraben Nanavati Institute of Management & Research for Women Smt. Hiraben Nanavati Institute of Management & Research for Women 01/09/2010 A S Enterprises 375.00 46 1 658 SAN B08561 HIMR-BK-8561 30/01/2023 23/01/2023 262.00 03/04/2010 Books B08561